书目信息 |
| 题名: |
旅游统计学原理与实务
|
|
| 作者: | 李享 主编 | |
| 分册: | ||
| 出版信息: | 北京 中国旅游出版社 2008.02 |
|
| 页数: | 266页 | |
| 开本: | 23cm | |
| 丛书名: | ||
| 单 册: | ||
| 中图分类: | F590-32 | |
| 科图分类: | ||
| 主题词: | 旅游业--统计学--高等学校--教材 , 旅游业 , 统计学 | |
| 电子资源: | ||
| ISBN: | 978-7-5032-3407-1 | |
| 000 | 01089nam0 2200277 450 | |
| 001 | 003736128 | |
| 005 | 20091207084100.36 | |
| 010 | @a978-7-5032-3407-1@dCNY30.00 | |
| 100 | @a20080418d2008 em y0chiy0110 ea | |
| 101 | 0 | @achi |
| 102 | @aCN@b110000 | |
| 105 | @ay z 000yy | |
| 106 | @ar | |
| 200 | 1 | @a旅游统计学原理与实务@9lv you tong ji xue yuan li yu shi wu@dPrinciple and practice of tourism statistics@f李享主编@zeng |
| 210 | @a北京@c中国旅游出版社@d2008.02 | |
| 215 | @a266页@d23cm | |
| 300 | @a21世纪高等学校旅游管理本科专业教材 | |
| 330 | @a本书将统计资料的搜集、整理、显示与分析、再到实践的过程完整呈现,并融入了独到的归纳和总结。实务部分阐述了旅游接待业的统计指标体系与应用实践,突出介绍饭店、旅行社、旅游景区等旅游企业的具体统计指标。书中还附有思考题和练习题及题解。 | |
| 510 | 1 | @aPrinciple and practice of tourism statistics@zeng |
| 606 | 0 | @a旅游业@x统计学@x高等学校@j教材 |
| 606 | 0 | @a旅游业 |
| 606 | 0 | @a统计学 |
| 690 | @aF590-32@v4 | |
| 701 | 0 | @a李享@9li xiang@c(旅游业)@4主编 |
| 801 | 0 | @aCN@bNLC@c20091207 |
| 905 | @b20795597-602@dF590-32@e234@f6 | |
| 旅游统计学原理与实务=Principle and practice of tourism statistics/李享主编.-北京:中国旅游出版社,2008.02 |
| 266页;23cm |
| 21世纪高等学校旅游管理本科专业教材 |
| ISBN 978-7-5032-3407-1:CNY30.00 |
| 本书将统计资料的搜集、整理、显示与分析、再到实践的过程完整呈现,并融入了独到的归纳和总结。实务部分阐述了旅游接待业的统计指标体系与应用实践,突出介绍饭店、旅行社、旅游景区等旅游企业的具体统计指标。书中还附有思考题和练习题及题解。 |
| ● |
| 相关链接 |
|
|
|
|
正题名:旅游统计学原理与实务
索取号:F590-32/234
 
预约/预借
| 序号 | 登录号 | 条形码 | 馆藏地/架位号 | 状态 | 备注 |
| 1 | 795597 | 207955970 | 第一样本阅览室/ [索取号:F590-32/234] | 在馆 | |
| 2 | 795598 | 207955989 | 第一借阅区/ [索取号:F590-32/234] | 在馆 | |
| 3 | 795599 | 207955998 | 第一借阅区/ [索取号:F590-32/234] | 在馆 | |
| 4 | 795600 | 207956005 | 第一借阅区/ [索取号:F590-32/234] | 在馆 | |
| 5 | 795601 | 207956014 | 第一借阅区/ [索取号:F590-32/234] | 在馆 | |
| 6 | 795602 | 207956023 | 密集书库-资源管理系/ [索取号:F590-32/234] | 在馆 |